Two Word Countries - One Minute Sprint - Statistics

General Stats
  • This quiz has been taken 354 times
    202 since last reset
  • The average score is 10 of 24
Answer Stats
country % Correct
South Korea
87%
North Korea
85%
South Sudan
72%
South Africa
69%
New Zealand
62%
United Kingdom
48%
San Marino
47%
Saint Lucia
40%
Dominican Republic
39%
Timor-Leste
39%
El Salvador
38%
Saudi Arabia
38%
Sri Lanka
38%
Guinea-Bissau
35%
Marshall Islands
32%
Solomon Islands
32%
Cabo Verde
31%
Vatican City
30%
United States
29%
Burkina Faso
28%
Costa Rica
28%
Equatorial Guinea
28%
Côte D'Ivoire
24%
Sierra Leone
21%
No matching quizzes found
Score Distribution
Percent of People with Each Score
Percentile by Number Answered
Your Score History
You have not taken this quiz since the last reset